[Event "Gijon RGCC op 7th"]
[Site "Gijon"]
[Date "2023.08.09"]
[Round "7"]
[White "Lopez Gomez, Jose Pablo"]
[Black "Grabuzova, Tatiana"]
[Result "1-0"]
[WhiteElo "2070"]
[BlackElo "2192"]
[PlyCount "103"]
[EventDate "2023.08.05"]
[EventType "swiss"]
[EventRounds "9"]
[EventCountry "ESP"]
[SourceTitle "EXT 2024"]
[Source "ChessBase"]
[SourceDate "2023.10.10"]
[SourceVersion "1"]
[SourceVersionDate "2023.10.10"]
[SourceQuality "1"]

1. e4 c6 2. d4 d5 3. exd5 cxd5 4. Bd3 Nc6 5. c3 Nf6 6. Bf4 g6 7. Qc2 Nh5 8. Bg5 Qd6 9. Ne2 Bg7 10. Nd2 0-0 11. 0-0-0 e5 12. dxe5 Nxe5 13. Nb3 Nxd3+ 14. Qxd3 Bf5 15. Qd2 Qa6 16. Ned4 Bd7 17. Nc5 Qxa2 18. Nxd7 Qa1+ 19. Kc2 Qa4+ 20. Nb3 Qxd7 21. Qxd5 Qa4 22. Rhe1 Nf4 23. Re4 Nxd5 24. Rxa4 Nb6 25. Rb4 Rfc8 26. Be3 Rc6 27. Na5 Rc7 28. Bxb6 axb6 29. Nc4 b5 30. Nd6 Re7 31. Nxb5 Bh6 32. Nd4 Ra5 33. g3 f5 34. f4 Bf8 35. Rb5 Ra6 36. Rd5 h5 37. Nf3 Rae6 38. Re5 Bg7 39. Rd8+ Bf8 40. Kd3 Kg7 41. Rxe6 Rxe6 42. Ne5 Rd6+ 43. Rxd6 Bxd6 44. Kd4 Kf6 45. Kd5 Bc7 46. Nf3 Bb6 47. c4 Be3 48. b4 Ke7 49. c5 Bc1 50. b5 Bb2 51. c6 bxc6+ 52. Kxc6 1-0

[Event "Gijon RGCC op 7th"]
[Site "Gijon"]
[Date "2023.08.08"]
[Round "6"]
[White "Borondo Garcia, Raul"]
[Black "Lopez Gomez, Jose Pablo"]
[Result "0-1"]
[WhiteElo "1897"]
[BlackElo "2070"]
[PlyCount "114"]
[EventDate "2023.08.05"]
[EventType "swiss"]
[EventRounds "9"]
[EventCountry "ESP"]
[SourceTitle "EXT 2024"]
[Source "ChessBase"]
[SourceDate "2023.10.10"]
[SourceVersion "1"]
[SourceVersionDate "2023.10.10"]
[SourceQuality "1"]

1. e4 e6 2. d4 d5 3. e5 c5 4. c3 Nc6 5. Nf3 Qb6 6. Bd3 Nh6 7. 0-0 cxd4 8. cxd4 Nf5 9. Nc3 Ncxd4 10. Nxd4 Qxd4 11. Kh1 Bd7 12. Nb5 Qb6 13. Be3 Qa5 14. Bd2 Qd8 15. f4 a6 16. Nc3 g6 17. a3 Bg7 18. Ne2 0-0 19. Bc3 Rc8 20. Qd2 Qb6 21. b4 Rfd8 22. Qb2 d4 23. Nxd4 Be8 24. Nxe6 fxe6 25. Bc2 Ne7 26. Bb3 Rd3 27. Be1 Nd5 28. Bf2 Qb5 29. Rac1 Rdc3 30. Rcd1 Bc6 31. Bc5 Rxb3 32. Qxb3 Qa4 33. Qh3 Bd7 34. Rxd5 exd5 35. e6 Be8 36. f5 gxf5 37. Qxf5 Bg6 38. Qxd5 Qc6 39. Qb3 h6 40. e7+ Kh7 41. Qe3 Re8 42. Re1 Bf6 43. h3 b6 44. Qb3 bxc5 45. Re6 c4 46. Qe3 Rxe7 47. Rxe7+ Bxe7 48. Qxe7+ Kg8 49. Qd8+ Be8 50. a4 Qxa4 51. Qd5+ Bf7 52. Qd6 Qa1+ 53. Kh2 Kg7 54. Qc5 Qf6 55. Qe3 c3 56. Qg3+ Kh7 57. Qd3+ Bg6 0-1

[Event "Pardubice Czech op-A 32nd"]
[Site "Pardubice"]
[Date "2021.07.28"]
[Round "6"]
[White "Richterova, Natasa"]
[Black "Lopez Gomez, Jose Pablo"]
[Result "0-1"]
[WhiteElo "2213"]
[BlackElo "2052"]
[PlyCount "56"]
[EventDate "2021.07.23"]
[EventType "swiss"]
[EventRounds "9"]
[EventCountry "CZE"]
[SourceTitle "EXT 2022"]
[Source "ChessBase"]
[SourceDate "2021.10.06"]
[SourceVersion "1"]
[SourceVersionDate "2021.10.06"]
[SourceQuality "1"]

1. d4 Nf6 2. g3 g6 3. Bg2 c5 4. d5 d6 5. c4 b5 6. cxb5 a6 7. bxa6 Bxa6 8. Nc3 Bg7 9. Nf3 0-0 10. 0-0 Nbd7 11. Re1 Qa5 12. Bh3 Rfb8 13. e4 Qc7 14. Bf1 Bxf1 15. Kxf1 Ng4 16. Qe2 Nge5 17. Nxe5 Nxe5 18. f4 Nd7 19. Kg2 Qa5 20. Qd3 c4 21. Qc2 Nc5 22. Bd2 Nd3 23. Reb1 Qb6 24. Nd1 Qd4 25. Kf3 f5 26. exf5 Qxd5+ 27. Ke2 Qg2+ 28. Ke3 d5 0-1

[Event "Berlin Werner Ott op"]
[Site "Berlin"]
[Date "2019.06.25"]
[Round "4"]
[White "Lopez Gomez, Jose Pablo"]
[Black "Foerster, Jonas"]
[Result "1/2-1/2"]
[WhiteElo "2065"]
[BlackElo "2274"]
[PlyCount "64"]
[EventDate "2019.06.22"]
[EventType "swiss"]
[EventRounds "9"]
[EventCountry "GER"]
[SourceTitle "EXT 2022"]
[Source "ChessBase"]
[SourceDate "2021.10.06"]
[SourceVersion "1"]
[SourceVersionDate "2021.10.06"]
[SourceQuality "1"]

1. e4 d6 2. d4 g6 3. Nc3 Bg7 4. Be3 a6 5. a4 Nf6 6. Nf3 0-0 7. Qd2 Nc6 8. Bh6 Bg4 9. Bxg7 Kxg7 10. Be2 e5 11. d5 Bxf3 12. Bxf3 Nd4 13. Be2 b5 14. Bd3 Nh5 15. Ne2 Nxe2 16. Bxe2 Nf4 17. g3 Nxe2 18. Qxe2 Qd7 19. axb5 axb5 20. 0-0 c5 21. Qd2 Ra4 22. Rxa4 bxa4 23. f4 exf4 24. Qxf4 Qe7 25. Re1 Rb8 26. e5 Rb4 27. Qc1 dxe5 28. Rd1 Qd6 29. c3 Rb3 30. Qa1 e4 31. Qxa4 Rxb2 32. Qxe4 h5 1/2-1/2

[Event "London Classic op 10th"]
[Site "London"]
[Date "2018.12.14"]
[Round "6"]
[White "Lopez Gomez, Jose Pablo"]
[Black "Lochte, Szilvia"]
[Result "1-0"]
[WhiteElo "2094"]
[BlackElo "1843"]
[PlyCount "59"]
[EventDate "2018.12.09"]
[EventType "swiss"]
[EventRounds "9"]
[EventCountry "ENG"]
[SourceTitle "CBM 187 Extra"]
[Source "ChessBase"]
[SourceDate "2018.11.04"]
[SourceVersion "1"]
[SourceVersionDate "2018.11.04"]
[SourceQuality "1"]

1. e4 c5 2. Nf3 e6 3. d4 cxd4 4. Nxd4 a6 5. Nc3 b5 6. Bd3 Bb7 7. 0-0 Qc7 8. Re1 d6 9. Qg4 Nf6 10. Qh4 Nbd7 11. Bg5 Be7 12. Nd5 Bxd5 13. exd5 Nxd5 14. Nf5 Bf8 15. Be4 N7b6 16. Rad1 Kd7 17. Qg4 g6 18. Bxd5 Nxd5 19. Rxd5 gxf5 20. Rxf5 exf5 21. Qxf5+ Kc6 22. Qf3+ d5 23. Qc3+ Bc5 24. b4 Kb6 25. bxc5+ Kc6 26. Qf6+ Kxc5 27. Be3+ Kb4 28. Qb2+ Ka4 29. Qb3+ Ka5 30. Qa3# 1-0

[Event "London Classic op 10th"]
[Site "London"]
[Date "2018.12.09"]
[Round "1"]
[White "Lopez Gomez, Jose Pablo"]
[Black "Yuffa, Daniil"]
[Result "0-1"]
[WhiteElo "2094"]
[BlackElo "2572"]
[PlyCount "78"]
[EventDate "2018.12.09"]
[EventType "swiss"]
[EventRounds "9"]
[EventCountry "ENG"]
[SourceTitle "CBM 187 Extra"]
[Source "ChessBase"]
[SourceDate "2018.11.04"]
[SourceVersion "1"]
[SourceVersionDate "2018.11.04"]
[SourceQuality "1"]

1. e4 c6 2. d4 d5 3. e5 Bf5 4. Ne2 e6 5. Ng3 Bg6 6. h4 h5 7. Be2 c5 8. c3 Nc6 9. Be3 Qb6 10. Qb3 c4 11. Qxb6 axb6 12. Nd2 b5 13. 0-0 b4 14. Rfc1 bxc3 15. bxc3 Ba3 16. Rcb1 Bxb1 17. Rxb1 Nd8 18. Nxh5 g6 19. Nf4 Rxh4 20. g3 Rh8 21. Nxc4 dxc4 22. Bxc4 Ne7 23. Bb5+ Kf8 24. Ne2 Nd5 25. Bd2 Be7 26. a4 Nc6 27. c4 Ndb4 28. Bc3 Kg7 29. d5 exd5 30. e6+ d4 31. Nxd4 Bf6 32. e7 Nxd4 33. Bxd4 Bxd4 34. e8Q Rhxe8 35. Bxe8 Nd3 36. Rd1 Bxf2+ 37. Kg2 Rxe8 38. Rxd3 Bc5 39. Rd5 Rc8 0-1

[Event "Berlin Lichtenrade op 14th"]
[Site "Berlin"]
[Date "2018.11.01"]
[Round "6"]
[White "Lopez Gomez, Jose Pablo"]
[Black "Arndt, Uwe"]
[Result "1-0"]
[WhiteElo "2066"]
[BlackElo "1922"]
[PlyCount "113"]
[EventDate "2018.10.27"]
[EventType "swiss"]
[EventRounds "9"]
[EventCountry "GER"]
[SourceTitle "CBM 187 Extra"]
[Source "ChessBase"]
[SourceDate "2018.11.04"]
[SourceVersion "1"]
[SourceVersionDate "2018.11.04"]
[SourceQuality "1"]

1. e4 c6 2. d4 d5 3. e5 c5 4. Nf3 Bg4 5. dxc5 Nc6 6. c3 e6 7. b4 Bxf3 8. Qxf3 Nxe5 9. Bb5+ Nc6 10. 0-0 g6 11. Rd1 Bg7 12. Nd2 Qf6 13. Bb2 Nge7 14. Rab1 Qxf3 15. Nxf3 0-0 16. Nd4 Bxd4 17. cxd4 Nxb4 18. Bc3 Nbc6 19. Bxc6 bxc6 20. Rb7 Nf5 21. Rdb1 Rfe8 22. f4 h5 23. Kf2 Re7 24. a4 a5 25. Rb8+ Rxb8 26. Rxb8+ Kg7 27. Ke2 Ra7 28. Kd3 Kf6 29. Be1 Ke7 30. h3 Kd7 31. g3 Ne7 32. g4 hxg4 33. hxg4 Nc8 34. Ke3 Kc7 35. Rb2 Ra8 36. Bh4 Ra7 37. Bf6 Kd7 38. Rb8 Kc7 39. Be5+ Kd7 40. Kf3 f5 41. Rb2 Ne7 42. g5 Ke8 43. Bb8 Rd7 44. Rb6 Kd8 45. Be5 Ra7 46. Bf6 Kd7 47. Rb2 Ng8 48. Rh2 Nxf6 49. gxf6 Ra6 50. Rh7+ Ke8 51. Kg3 Kf8 52. Kh4 Kg8 53. Rg7+ Kf8 54. Kg5 Ra8 55. Kxg6 Rb8 56. Rh7 Kg8 57. f7+ 1-0

[Event "Crawley e2e4 Gatwick Challenger op 10"]
[Site "Crawley"]
[Date "2016.10.29"]
[Round "7"]
[White "Wall, Tim"]
[Black "Lopez Gomez, Jose Pablo"]
[Result "1-0"]
[WhiteElo "2183"]
[BlackElo "2004"]
[PlyCount "91"]
[EventDate "2016.10.26"]
[EventType "swiss"]
[EventRounds "9"]
[EventCountry "ENG"]
[SourceTitle "EXT 2019"]
[Source "ChessBase"]
[SourceDate "2018.10.10"]
[SourceVersion "1"]
[SourceVersionDate "2018.10.10"]
[SourceQuality "1"]

1. e4 c5 2. Nc3 e6 3. f4 d5 4. Nf3 Nf6 5. Bb5+ Bd7 6. Bxd7+ Nbxd7 7. d3 d4 8. Ne2 Be7 9. 0-0 0-0 10. h3 Qc7 11. g4 Ne8 12. Ng3 g6 13. Qe2 Ng7 14. h4 Kh8 15. Bd2 Rae8 16. h5 gxh5 17. gxh5 Rg8 18. Kh1 h6 19. Rg1 f5 20. Raf1 Bf6 21. Qh2 b5 22. e5 Bd8 23. Ne2 Nf8 24. Rg6 Kh7 25. Rfg1 Qb7 26. Qg2 Re7 27. Kh2 Rh8 28. b4 Nxg6 29. hxg6+ Kg8 30. bxc5 Qd5 31. Nfxd4 Qxc5 32. Rb1 Rd7 33. Rxb5 Qe7 34. Be1 Bb6 35. Nc6 Qe8 36. d4 Qc8 37. c4 Rc7 38. d5 Ne8 39. Bh4 Rxc6 40. dxc6 Qa6 41. Nd4 Bxd4 42. Rb8 Kg7 43. c7 Bxe5 44. c8Q Bxf4+ 45. Bg3 Bxg3+ 46. Qxg3 1-0

[Event "Crawley e2e4 Gatwick Challenger op 10"]
[Site "Crawley"]
[Date "2016.10.27"]
[Round "3"]
[White "Lopez Gomez, Jose Pablo"]
[Black "Bryant, Jonathan"]
[Result "1-0"]
[WhiteElo "2004"]
[BlackElo "1811"]
[PlyCount "132"]
[EventDate "2016.10.26"]
[EventType "swiss"]
[EventRounds "9"]
[EventCountry "ENG"]
[SourceTitle "EXT 2019"]
[Source "ChessBase"]
[SourceDate "2018.10.10"]
[SourceVersion "1"]
[SourceVersionDate "2018.10.10"]
[SourceQuality "1"]

1. e4 g6 2. d4 Bg7 3. Nf3 d6 4. Nc3 Nf6 5. h3 0-0 6. Be3 a6 7. a4 Nc6 8. Bc4 e5 9. d5 Ne7 10. 0-0 Nh5 11. g4 Nf4 12. Bxf4 exf4 13. Qd2 Kh8 14. Qxf4 f5 15. exf5 gxf5 16. g5 Ng6 17. Qg3 f4 18. Qg2 Ne5 19. Nxe5 Bxe5 20. Qf3 Qxg5+ 21. Kh2 Bf5 22. Bd3 Bxd3 23. cxd3 Bxc3 24. bxc3 a5 25. Rg1 Qf6 26. c4 Rg8 27. Rae1 Rxg1 28. Rxg1 Rg8 29. Rxg8+ Kxg8 30. Qg4+ Kf7 31. Kg2 Qd4 32. Qf5+ Kg7 33. Kf3 Qa1 34. Qg5+ Kf7 35. Qxf4+ Kg7 36. Qg4+ Kf7 37. Qe6+ Kg7 38. Qe7+ Kg6 39. Qe8+ Kg7 40. Qd7+ Kg6 41. Qg4+ Kf7 42. h4 Qd1+ 43. Kf4 Qc1+ 44. Kf5 Qa1 45. Qh5+ Kg7 46. Qg5+ Kf7 47. f4 Qd4 48. Kg4 b6 49. Qf5+ Kg7 50. Kh5 Qe3 51. Qe4 Qg1 52. Qe7+ Kg8 53. Qd8+ Kf7 54. Qxc7+ Ke8 55. Qc8+ Ke7 56. Qe6+ Kf8 57. Qxd6+ Kf7 58. Qd7+ Kf8 59. Qf5+ Ke8 60. Qxh7 Qd1+ 61. Kg5 Qg1+ 62. Kf6 Qd4+ 63. Ke6 Qe3+ 64. Qe4 Qg3 65. Kd6+ Kf8 66. Qe7+ Kg8 1-0

[Event "Coimbra Queima das Fitas op"]
[Site "Coimbra"]
[Date "2016.04.25"]
[Round "6"]
[White "Oliveira, Maria Alice Ramos"]
[Black "Lopez Gomez, Jose Pablo"]
[Result "0-1"]
[WhiteElo "1771"]
[BlackElo "1963"]
[PlyCount "110"]
[EventDate "2016.04.22"]
[EventType "swiss"]
[EventRounds "7"]
[EventCountry "POR"]
[SourceTitle "EXT 2018"]
[Source "ChessBase"]
[SourceDate "2017.10.13"]
[SourceVersion "1"]
[SourceVersionDate "2017.10.13"]
[SourceQuality "1"]

1. e4 e6 2. d4 d5 3. e5 c5 4. Nf3 Nc6 5. Bd3 cxd4 6. 0-0 Nh6 7. Bf4 Qb6 8. Nbd2 Bd7 9. Nb3 0-0-0 10. Nfxd4 f6 11. Nxc6 Qxc6 12. c4 Nf7 13. cxd5 Qxd5 14. f3 g5 15. Qc2+ Kb8 16. Be4 Qb5 17. Be3 Nxe5 18. Rac1 Bd6 19. Rfd1 Qa6 20. Bc5 Bxc5+ 21. Nxc5 Qb6 22. Qf2 Bc6 23. Nxe6 Rxd1+ 24. Rxd1 Qxf2+ 25. Kxf2 Bxe4 26. fxe4 Re8 27. Rd8+ Rxd8 28. Nxd8 Kc8 29. Ne6 Nd3+ 30. Ke2 Nxb2 31. Nf8 Kd8 32. Ne6+ Ke7 33. Nd4 Na4 34. Kd2 a6 35. Nb3 Kd6 36. Nd4 h5 37. Ke3 Nc5 38. Ne2 Ke5 39. Nc3 b5 40. a3 Nb7 41. Nd5 Nd6 42. Nc3 a5 43. Nd5 Nc4+ 44. Kd3 Nxa3 45. Kc3 Nc4 46. Kd3 Nd6 47. Ne7 a4 48. Nc6+ Kf4 49. g3+ Kf3 50. Nd4+ Kg2 51. Ke3 b4 52. Nc2 b3 53. Ne1+ Kxh2 54. Kf2 Nxe4+ 55. Kf3 b2 0-1

[Event "Coimbra Queima das Fitas op"]
[Site "Coimbra"]
[Date "2016.04.23"]
[Round "2"]
[White "Carvalho, Joao Alexandre"]
[Black "Lopez Gomez, Jose Pablo"]
[Result "0-1"]
[WhiteElo "1737"]
[BlackElo "1963"]
[PlyCount "40"]
[EventDate "2016.04.22"]
[EventType "swiss"]
[EventRounds "7"]
[EventCountry "POR"]
[SourceTitle "EXT 2018"]
[Source "ChessBase"]
[SourceDate "2017.10.13"]
[SourceVersion "1"]
[SourceVersionDate "2017.10.13"]
[SourceQuality "1"]

1. e4 e6 2. d4 d5 3. exd5 exd5 4. Bd3 Bd6 5. Nf3 Nf6 6. c4 dxc4 7. Bxc4 0-0 8. 0-0 Bg4 9. Qb3 Nc6 10. Bxf7+ Rxf7 11. Ng5 Bh5 12. Nxf7 Bxf7 13. Qxb7 Nxd4 14. Na3 Bxa3 15. bxa3 Rb8 16. Qxa7 Nc2 17. Bf4 Nxa1 18. Bxc7 Ra8 19. Qb6 Qc8 20. Rd1 Nd5 0-1

[Event "BCF-chT3Nc 1516 (4NCL)"]
[Site "England"]
[Date "2016.03.20"]
[Round "8.80"]
[White "Lopez Gomez, Jose Pablo"]
[Black "McLean, Robert"]
[Result "1/2-1/2"]
[WhiteElo "2072"]
[BlackElo "1828"]
[PlyCount "109"]
[EventDate "2016.03.20"]
[EventType "team-swiss"]
[EventRounds "11"]
[EventCountry "ENG"]
[SourceTitle "EXT 2017"]
[Source "ChessBase"]
[SourceDate "2016.10.25"]
[SourceVersion "1"]
[SourceVersionDate "2016.10.25"]
[SourceQuality "1"]
[WhiteTeam "Manchester Manticores"]
[BlackTeam "3CS Oldham II"]
[WhiteTeamCountry "ENG"]
[BlackTeamCountry "ENG"]

1. e4 e6 2. d4 d5 3. Nd2 Nf6 4. e5 Nfd7 5. Bd3 c5 6. c3 Nc6 7. Ne2 cxd4 8. cxd4 f6 9. exf6 Nxf6 10. Nf3 Bd6 11. 0-0 0-0 12. Bf4 Qc7 13. Bxd6 Qxd6 14. Bb5 Bd7 15. Bxc6 Bxc6 16. Re1 Rac8 17. Rc1 Bd7 18. Ne5 Rxc1 19. Nxc1 Bb5 20. Qb3 Qa6 21. Qb4 Re8 22. b3 Qb6 23. Qc3 Ne4 24. Qb2 Qa5 25. b4 Qa6 26. Nb3 b6 27. Nd2 Nd6 28. Ndf3 Ne4 29. Rc1 Rc8 30. h3 Qb7 31. Rc2 Nd6 32. Qc1 Nc4 33. Qf4 Qe7 34. Qg4 Rd8 35. Nxc4 Bxc4 36. a3 Qf6 37. Ne5 Rc8 38. a4 Qf5 39. Qxf5 exf5 40. f4 Kf8 41. b5 Ke8 42. Kf2 Rc7 43. Ke3 Kd8 44. Rb2 Ke7 45. g3 Ke6 46. Rc2 Kd6 47. Rc3 Re7 48. Kd2 Rc7 49. h4 Ke6 50. Kc2 Kd6 51. Kb2 Re7 52. Ka3 Rc7 53. Kb4 a6 54. bxa6 Bxa6 55. Rxc7 1/2-1/2

[Event "GRB-ch Universities"]
[Site "Birmingham"]
[Date "2016.02.21"]
[Round "5.3"]
[White "Guo, Xi Yang"]
[Black "Lopez Gomez, Jose Pablo"]
[Result "0-1"]
[WhiteElo "1882"]
[BlackElo "1967"]
[PlyCount "40"]
[EventDate "2016.02.20"]
[EventType "team-swiss"]
[EventRounds "5"]
[EventCountry "ENG"]
[SourceTitle "CBM 170 Extra"]
[Source "ChessBase"]
[SourceDate "2016.02.25"]
[SourceVersion "1"]
[SourceVersionDate "2016.02.25"]
[SourceQuality "1"]
[WhiteTeam "Durham"]
[BlackTeam "Manchester"]
[WhiteTeamCountry "ENG"]
[BlackTeamCountry "ENG"]

1. c4 Nf6 2. g3 g6 3. Bg2 Bg7 4. Nc3 d6 5. e4 e5 6. Nge2 c5 7. 0-0 0-0 8. h3 Nc6 9. d3 a6 10. Kh2 Rb8 11. a4 Nd4 12. f4 Bd7 13. fxe5 dxe5 14. Bg5 Ng4+ 15. hxg4 Qxg5 16. Nxd4 exd4 17. Nd5 Be5 18. Bh3 h5 19. Rf4 hxg4 20. Bxg4 Bxf4 0-1

[Event "Coimbra Queima das Fitas op"]
[Site "Coimbra"]
[Date "2015.04.30"]
[Round "1"]
[White "Lopez Gomez, Jose Pablo"]
[Black "Silva, Mariana Sofia Teixe"]
[Result "1/2-1/2"]
[WhiteElo "1967"]
[BlackElo "1715"]
[PlyCount "103"]
[EventDate "2015.04.30"]
[EventType "swiss"]
[EventRounds "7"]
[EventCountry "POR"]
[SourceTitle "EXT 2018"]
[Source "ChessBase"]
[SourceDate "2017.10.13"]
[SourceVersion "1"]
[SourceVersionDate "2017.10.13"]
[SourceQuality "1"]

1. e4 c5 2. Nf3 Nc6 3. d4 cxd4 4. Nxd4 g6 5. c4 Bg7 6. Be3 Nf6 7. Nc3 0-0 8. Be2 d6 9. 0-0 Bd7 10. Rc1 Nxd4 11. Bxd4 Bc6 12. f4 a5 13. Bf3 Nd7 14. Bxg7 Kxg7 15. b3 Qb6+ 16. Kh1 Nc5 17. Rb1 Rfc8 18. Qd4+ Kg8 19. Bg4 Rd8 20. Qf2 Qb4 21. Qc2 a4 22. f5 axb3 23. axb3 Nd7 24. fxg6 hxg6 25. Bxd7 Rxd7 26. Nd5 Bxd5 27. exd5 Rf8 28. Rf3 Qc5 29. Qc3 f6 30. Qd3 Kg7 31. Rg3 f5 32. Qc3+ Rf6 33. Re1 Qf2 34. Rf3 Qh4 35. Qe3 Qh6 36. Qd4 Kf7 37. b4 Qg7 38. c5 dxc5 39. bxc5 Ra6 40. Qc4 Ra1 41. Rfe3 Kf8 42. h3 Rxe1+ 43. Rxe1 Qf6 44. Re6 Qa1+ 45. Kh2 Qg7 46. c6 bxc6 47. Qxc6 Rd6 48. Qc8+ Kf7 49. Qc4 Kf8 50. Re2 Kf7 51. Qh4 Kf8 52. Qc4 1/2-1/2

[Event "Bolton Easter op"]
[Site "Bolton"]
[Date "2015.04.05"]
[Round "5"]
[White "Fernandez Lopez, Alejandro"]
[Black "Lopez Gomez, Jose Pablo"]
[Result "1-0"]
[WhiteElo "1719"]
[BlackElo "1980"]
[PlyCount "55"]
[EventDate "2015.04.03"]
[EventType "swiss"]
[EventRounds "5"]
[EventCountry "ENG"]
[SourceTitle "CBM 165 Extra"]
[Source "ChessBase"]
[SourceDate "2015.04.21"]
[SourceVersion "1"]
[SourceVersionDate "2015.04.21"]
[SourceQuality "1"]

1. e4 e6 2. d4 d5 3. Nc3 Bb4 4. exd5 exd5 5. Bd3 Nf6 6. Bg5 0-0 7. Nge2 c6 8. 0-0 Bg4 9. f3 Bh5 10. Nf4 Bg6 11. Nxg6 hxg6 12. f4 Qb6 13. Ne2 Ng4 14. f5 f6 15. Bd2 Bxd2 16. Qxd2 Qc7 17. Rf4 Nh6 18. fxg6 Nd7 19. Raf1 Rfe8 20. Ng3 Qd6 21. Nh5 Re6 22. Rh4 f5 23. Nxg7 Rxg6 24. Nxf5 Nxf5 25. Bxf5 Rg7 26. Qd3 Nf6 27. Qh3 Rf8 28. Be6+ 1-0

[Event "Blackpool op 39th"]
[Site "Blackpool"]
[Date "2015.03.07"]
[Round "5"]
[White "Broadley, Henry"]
[Black "Lopez Gomez, Jose Pablo"]
[Result "1/2-1/2"]
[WhiteElo "1998"]
[BlackElo "1980"]
[PlyCount "62"]
[EventDate "2015.03.06"]
[EventType "swiss"]
[EventRounds "5"]
[EventCountry "ENG"]
[SourceTitle "CBM 165 Extra"]
[Source "ChessBase"]
[SourceDate "2015.04.21"]
[SourceVersion "1"]
[SourceVersionDate "2015.04.21"]
[SourceQuality "1"]

1. d4 Nf6 2. c4 g6 3. Nc3 Bg7 4. e4 d6 5. f3 0-0 6. Be3 Nc6 7. Qd2 e5 8. d5 Ne7 9. Bd3 Nd7 10. g4 f5 11. exf5 gxf5 12. 0-0-0 e4 13. fxe4 fxg4 14. h3 Ne5 15. Qg2 Nxd3+ 16. Rxd3 h5 17. hxg4 Bxg4 18. Bg5 Qe8 19. Nb5 a6 20. Nd4 Bxd4 21. Rxd4 Ng6 22. Be3 Qe5 23. Ne2 Rf3 24. Bf2 Rxf2 25. Qxf2 Bxe2 26. Qxe2 Qxd4 27. Qxh5 Qxc4+ 28. Kd1 Qd3+ 29. Kc1 Qc4+ 30. Kd1 Qd4+ 31. Kc1 Qc4+ 1/2-1/2

[Event "Birmingham 4NCL op 1st"]
[Site "Birmingham"]
[Date "2015.01.31"]
[Round "2"]
[White "Lopez Gomez, Jose Pablo"]
[Black "Uddin, Moin"]
[Result "0-1"]
[WhiteElo "1999"]
[BlackElo "1765"]
[PlyCount "88"]
[EventDate "2015.01.30"]
[EventType "swiss"]
[EventRounds "5"]
[EventCountry "ENG"]
[SourceTitle "EXT 2023"]
[Source "ChessBase"]
[SourceDate "2022.10.05"]
[SourceVersion "1"]
[SourceVersionDate "2022.10.05"]
[SourceQuality "1"]

1. e4 e5 2. Nf3 Nc6 3. Bb5 f5 4. d3 fxe4 5. dxe4 Nf6 6. 0-0 Bc5 7. Nc3 d6 8. Bg5 Bg4 9. Qd3 h6 10. Bh4 0-0 11. Bxc6 bxc6 12. Qc4+ Kh7 13. Nxe5 Bxf2+ 14. Rxf2 dxe5 15. h3 Bh5 16. Raf1 Qd6 17. Ne2 g5 18. Bg3 Rab8 19. a3 Bg6 20. Nc3 Rxb2 21. Rd1 Qe7 22. Qxc6 Rb6 23. Qa4 Qc5 24. Nd5 Nxe4 25. Qd7+ Rf7 26. Nxb6 Nxg3 27. Rdd2 axb6 28. Qe8 Ne4 29. Kh2 Nxf2 30. Rd8 Qf8 31. Qxf8 Rxf8 32. Rxf8 Nd1 33. Rd8 Bxc2 34. Rd7+ Kg6 35. Rxc7 Be4 36. Rc4 Kf5 37. g4+ Kf4 38. Rb4 b5 39. Rxb5 Bd3 40. Rb6 e4 41. Rxh6 e3 42. Re6 e2 43. Rf6+ Ke3 44. Kg2 Be4+ 0-1

[Event "Birmingham 4NCL op 1st"]
[Site "Birmingham"]
[Date "2015.01.31"]
[Round "3"]
[White "Shaw, Meyrick"]
[Black "Lopez Gomez, Jose Pablo"]
[Result "1-0"]
[WhiteElo "1965"]
[BlackElo "1999"]
[PlyCount "39"]
[EventDate "2015.01.30"]
[EventType "swiss"]
[EventRounds "5"]
[EventCountry "ENG"]
[SourceTitle "EXT 2023"]
[Source "ChessBase"]
[SourceDate "2022.10.05"]
[SourceVersion "1"]
[SourceVersionDate "2022.10.05"]
[SourceQuality "1"]

1. d4 Nf6 2. Nf3 d5 3. Bf4 e6 4. Nbd2 c5 5. e3 Be7 6. c3 0-0 7. Bd3 Nc6 8. Ne5 Nd7 9. h4 Ndxe5 10. dxe5 f6 11. Qh5 f5 12. Nf3 Qe8 13. g4 g6 14. Qh6 fxg4 15. h5 Rf5 16. Bxf5 exf5 17. Ng5 Bxg5 18. Qxg5 Qe7 19. hxg6 hxg6 20. Qxg6+ 1-0

[Event "Birmingham 4NCL op 1st"]
[Site "Birmingham"]
[Date "2015.01.30"]
[Round "1"]
[White "Sowray, Peter John"]
[Black "Lopez Gomez, Jose Pablo"]
[Result "1-0"]
[WhiteElo "2308"]
[BlackElo "1999"]
[PlyCount "77"]
[EventDate "2015.01.30"]
[EventType "swiss"]
[EventRounds "5"]
[EventCountry "ENG"]
[SourceTitle "CBM 164 Extra"]
[Source "ChessBase"]
[SourceDate "2015.03.02"]
[SourceVersion "1"]
[SourceVersionDate "2015.03.02"]
[SourceQuality "1"]

1. d4 Nf6 2. c4 g6 3. Nc3 Bg7 4. e4 d6 5. f3 0-0 6. Nge2 Nc6 7. Be3 e5 8. d5 Ne7 9. g4 Nd7 10. Qd2 f5 11. h3 Nb6 12. Nc1 c6 13. Bd3 Bd7 14. N1e2 Rc8 15. b3 cxd5 16. cxd5 fxe4 17. fxe4 Rf3 18. 0-0-0 Qf8 19. Kb1 Qd8 20. Rdf1 Qf8 21. Ng3 Rxc3 22. Qxc3 Nexd5 23. exd5 e4 24. Bd4 Bxd4 25. Qxd4 exd3 26. Rxf3 Qxf3 27. Rf1 Qxg3 28. Qf6 Bf5 29. gxf5 d2 30. Qe6+ Kh8 31. Qe8+ Kg7 32. f6+ Kh6 33. Qe2 Qc3 34. f7 Nd7 35. Qc4 Qxh3 36. Qf4+ Kh5 37. Kc2 Ne5 38. Kd1 Qd3 39. Rh1+ 1-0